书目信息 |
| 题名: |
复杂超限高层建筑抗震设计指南及工程实例
|
|
| 作者: | 杨学林 编著 | |
| 分册: | ||
| 出版信息: | 北京 中国建筑工业出版社 2014 |
|
| 页数: | 406页 | |
| 开本: | 26cm | |
| 丛书名: | ||
| 单 册: | ||
| 中图分类: | TU973 | |
| 科图分类: | ||
| 主题词: | 高层建筑--防震设计 , 防震设计 , 高层建筑 | |
| 电子资源: | ||
| ISBN: | 978-7-112-16762-3 | |
| 000 | 01196nam0 2200241 450 | |
| 001 | 142688 | |
| 005 | 20141223152107.56 | |
| 010 | @a978-7-112-16762-3@dCNY 60.00 | |
| 100 | @a20141017d2014 em y0chiy50 ea | |
| 101 | 0 | @achi |
| 102 | @aCN@b110000 | |
| 105 | @aa z 000yy | |
| 200 | 1 | @a复杂超限高层建筑抗震设计指南及工程实例@9fu za chao xian gao ceng jian zhu kang zhen she ji zhi nan ji gong cheng shi li@b专著@f杨学林编著 |
| 210 | @a北京@c中国建筑工业出版社@d2014 | |
| 215 | @a406页@c图@d26cm | |
| 330 | @a本书主要内容包括复杂超限高层建筑结构设计指南和超限工程实例两部分。设计指南部分主要包括常见超限结构类型、超限判别界限及建议、具有不同超限类型结构的针对性设计措施、超限结构抗震性能目标选用建议、性能设计指标试算要求和调整原则、复杂超限结构计算分析中的相关问题、超限结构可行性论证报告的编制内容和参考格式等;超限工程实例部分,共精选了10个典型工程案例,内容涉及高度超限、多塔、加强层、高位连体、混凝土核心筒高位外扩转换、大悬挑、巨型结构、新型钢屋盖大跨度空间结构等复杂超限类型。 | |
| 606 | 0 | @a高层建筑@x防震设计 |
| 606 | 0 | @a防震设计 |
| 606 | 0 | @a高层建筑 |
| 690 | @aTU973@v5 | |
| 701 | 0 | @a杨学林@9yang xue lin@c(建筑)@4编著 |
| 801 | 0 | @c20141223 |
| 905 | @a241430@dTU973@eY300 | |
| 复杂超限高层建筑抗震设计指南及工程实例/杨学林编著.-北京:中国建筑工业出版社,2014 |
| 406页:图;26cm |
| ISBN 978-7-112-16762-3:CNY 60.00 |
| 本书主要内容包括复杂超限高层建筑结构设计指南和超限工程实例两部分。设计指南部分主要包括常见超限结构类型、超限判别界限及建议、具有不同超限类型结构的针对性设计措施、超限结构抗震性能目标选用建议、性能设计指标试算要求和调整原则、复杂超限结构计算分析中的相关问题、超限结构可行性论证报告的编制内容和参考格式等;超限工程实例部分,共精选了10个典型工程案例,内容涉及高度超限、多塔、加强层、高位连体、混凝土核心筒高位外扩转换、大悬挑、巨型结构、新型钢屋盖大跨度空间结构等复杂超限类型。 |
| ● |
| 相关链接 |
|
|
|
正题名:复杂超限高层建筑抗震设计指南及工程实例
索取号:TU973/Y300
 
预约/预借
| 序号 | 登录号 | 条形码 | 馆藏地/架位号 | 状态 | 备注 |
| 1 | 1135606 | 211356067 | 建筑库201/201建筑库 88排1列2层/ [索取号:TU973/Y300] | 在馆 | |
| 2 | 1135607 | 211356076 | 建筑库201/201建筑库 88排1列2层/ [索取号:TU973/Y300] | 在馆 | |
| 3 | 1135608 | 211356085 | 建筑库201/201建筑库 88排1列2层/ [索取号:TU973/Y300] | 在馆 |